<?xml version="1.0" encoding="UTF-8"?>
<collection xmlns="http://www.loc.gov/MARC21/slim">
 <record>
  <leader>01776nam a22002777a 4500</leader>
  <controlfield tag="001">NCT_31063</controlfield>
  <controlfield tag="008">171016b        xxu||||| |||| 00| 0 vie d</controlfield>
  <datafield tag="999" ind1=" " ind2=" ">
   <subfield code="c">1494</subfield>
   <subfield code="d">1494</subfield>
  </datafield>
  <datafield tag="020" ind1=" " ind2=" ">
   <subfield code="c">115000</subfield>
  </datafield>
  <datafield tag="082" ind1="1" ind2="4">
   <subfield code="2">22rd ed.</subfield>
   <subfield code="a">571.9</subfield>
   <subfield code="b">L107</subfield>
  </datafield>
  <datafield tag="100" ind1="1" ind2="0">
   <subfield code="a">Nguyễn Ngọc Lanh</subfield>
  </datafield>
  <datafield tag="245" ind1="1" ind2="0">
   <subfield code="a">Sinh lý bệnh học</subfield>
   <subfield code="c">Nguyễn Ngọc Lanh</subfield>
  </datafield>
  <datafield tag="250" ind1=" " ind2=" ">
   <subfield code="a">Tái bản lần thứ 3</subfield>
  </datafield>
  <datafield tag="260" ind1=" " ind2=" ">
   <subfield code="a">H.</subfield>
   <subfield code="b">Y học</subfield>
   <subfield code="c">2016</subfield>
  </datafield>
  <datafield tag="300" ind1=" " ind2=" ">
   <subfield code="a">470 Tr.</subfield>
   <subfield code="b">Minh họa</subfield>
   <subfield code="c">27 cm</subfield>
  </datafield>
  <datafield tag="500" ind1=" " ind2=" ">
   <subfield code="a">ĐTTS ghi: trường Đại học Y Hà Nội - Bộ môn miễn dịch - sinh lý bệnh</subfield>
  </datafield>
  <datafield tag="520" ind1="3" ind2=" ">
   <subfield code="a">Cuốn sách &quot;SINH LÝ BỆNH HỌC&quot; được viết nhân dịp trường Đại học Y Hà Nội kỷ niệm 100 năm thành lập, với sự tham gia của nhiều giáo sư, phó giáo sư trong bộ môn. Sách được dùng làm tài liệu học tập, nghiên cứu dành cho sinh viên năm 3 và là tài liệu tham khảo rất hữu ích cho các học viên sau đại học khi cần lấy chứng chỉ môn học.  Nội dung quyển sách giới thiệu mục tiêu của từng phần, giới thiệu đại cương, định nghĩa bệnh học và trình bày các biểu hiện, cơ chế và hậu quả của các loại bệnh.</subfield>
  </datafield>
  <datafield tag="653" ind1=" " ind2=" ">
   <subfield code="a">Y đa khoa</subfield>
  </datafield>
  <datafield tag="653" ind1=" " ind2=" ">
   <subfield code="a">Dược học</subfield>
  </datafield>
  <datafield tag="655" ind1=" " ind2=" ">
   <subfield code="a">Sinh lý bệnh</subfield>
  </datafield>
  <datafield tag="700" ind1="1" ind2=" ">
   <subfield code="a">Văn Đình Hoa</subfield>
  </datafield>
  <datafield tag="700" ind1="1" ind2=" ">
   <subfield code="a">Phan Thị Thu Anh</subfield>
  </datafield>
  <datafield tag="700" ind1="1" ind2=" ">
   <subfield code="a">Trần Thị Chính</subfield>
  </datafield>
  <datafield tag="942" ind1=" " ind2=" ">
   <subfield code="2">ddc</subfield>
   <subfield code="c">BK</subfield>
  </datafield>
  <datafield tag="952" ind1=" " ind2=" ">
   <subfield code="0">0</subfield>
   <subfield code="1">0</subfield>
   <subfield code="2">ddc</subfield>
   <subfield code="4">0</subfield>
   <subfield code="6">571_900000000000000_L107</subfield>
   <subfield code="7">0</subfield>
   <subfield code="9">7167</subfield>
   <subfield code="a">000001</subfield>
   <subfield code="b">000001</subfield>
   <subfield code="d">2018-04-18</subfield>
   <subfield code="o">571.9 L107</subfield>
   <subfield code="p">MD.10836</subfield>
   <subfield code="r">2018-04-18</subfield>
   <subfield code="v">115000.00</subfield>
   <subfield code="w">2018-04-18</subfield>
   <subfield code="y">BK</subfield>
  </datafield>
  <datafield tag="980" ind1=" " ind2=" ">
   <subfield code="a">Thư viện Trường Đại học Nam Cần Thơ</subfield>
  </datafield>
 </record>
</collection>
